| 000 | 00456nam a2200181Ia 4500 | ||
|---|---|---|---|
| 001 | 23086 | ||
| 005 | 20260414150914.0 | ||
| 008 | 260414t2014||||xx |||||||||||||| ||spa|| | ||
| 041 | _aESP | ||
| 082 |
_a624.1834 _bK485C |
||
| 100 |
_aKumar Mehta, P., _eAUT |
||
| 245 | 0 |
_aConcrete microstructure, properties, and materials _b |
|
| 260 | _c2014 | ||
| 300 |
_axxiii, 675 páginas : _c25 cm. |
||
| 650 | _a0 | ||
| 654 | _aCIC | ||
| 942 |
_cLIB _dJUS _fJUS _2ddc _n |
||
| 999 |
_c23086 _d23086 |
||